00414 2200169 4500001002100000008004100021035002000062245004800082100001500130250000600145260003300151084001400184082000800198650001400206990001200220990001200232INLIS000000000001205 ind  a0010-0524000440 a1700 Bank Soal Bahasa IndonesiacE. Kosasih aE. Kosasih a1 aBandung :bYrama Widyac2010 a410 KOS b a410 aNon Fiksi a0713871 a0713872